000 00448nam a2200193Ia 4500
008 210210b1966 xxu||||| |||| 00| 0 eng d
041 _aeng
082 _a829/1081
100 _aTAGORE (Rabindranath)
245 _aTales from Tagore: Dodd Ed
260 _aMadras
_bMacmillan & Co. Ltd.
_c1966
650 _aTales
650 _aTagore:
650 _afrom
650 _aEd
650 _aDodd
690 _aEnglish Fiction
906 _a017696
999 _c137680
_d137680